00541nam a2200157 a 450000100100000000500170001000800410002702000150006804000250008308200170010824500760012526000880020130000270028950400270031671000400034300004345320201002040928.0140318s2002 dr a r 000 0 spa d a9993487937 aDO-SdBNPbspacBNPHU axxxxxbB932s00aBuilding a strategic partnership Dominican Republic - State of Florida. aSanto Domingo :bFundación Global Democracia y DesarrollobLACC,c2002.fCorripio a95 p. :bil. ;c23 cm. aBibliografía : p. 9512aLatin American and Caribbean Center